<?xml version="1.0" encoding="UTF-8"?>
<record
    xmlns:xsi="http://www.w3.org/2001/XMLSchema-instance"
    xsi:schemaLocation="http://www.loc.gov/MARC21/slim http://www.loc.gov/standards/marcxml/schema/MARC21slim.xsd"
    xmlns="http://www.loc.gov/MARC21/slim">

  <leader>02376nam a22002177a 4500</leader>
  <controlfield tag="005">20220413163211.0</controlfield>
  <controlfield tag="008">220309b           ||||| |||| 00| 0 eng d</controlfield>
  <datafield tag="020" ind1=" " ind2=" ">
    <subfield code="a">9788178330389</subfield>
  </datafield>
  <datafield tag="040" ind1=" " ind2=" ">
    <subfield code="c">AL</subfield>
  </datafield>
  <datafield tag="041" ind1=" " ind2=" ">
    <subfield code="a">eng</subfield>
  </datafield>
  <datafield tag="082" ind1=" " ind2=" ">
    <subfield code="2">23</subfield>
    <subfield code="a">633.83</subfield>
    <subfield code="b">NIIC</subfield>
  </datafield>
  <datafield tag="100" ind1=" " ind2=" ">
    <subfield code="a">NIIR Board of consultants and engineers</subfield>
    <subfield code="9">23106</subfield>
  </datafield>
  <datafield tag="245" ind1=" " ind2=" ">
    <subfield code="a">Complete book on spices and condiments</subfield>
    <subfield code="b">With cultivation, processing and uses</subfield>
  </datafield>
  <datafield tag="250" ind1=" " ind2=" ">
    <subfield code="a">2nd ed.</subfield>
  </datafield>
  <datafield tag="260" ind1=" " ind2=" ">
    <subfield code="a">New Delhi</subfield>
    <subfield code="b">Asia pacific business press</subfield>
    <subfield code="c">2013</subfield>
  </datafield>
  <datafield tag="300" ind1=" " ind2=" ">
    <subfield code="a">xxxv,848p.</subfield>
    <subfield code="b">PB</subfield>
    <subfield code="c">21.5x14cm.</subfield>
  </datafield>
  <datafield tag="365" ind1=" " ind2=" ">
    <subfield code="2">General</subfield>
    <subfield code="a">VBI-1344</subfield>
    <subfield code="b">&#x20B9;1706.25</subfield>
    <subfield code="c">&#x20B9;</subfield>
    <subfield code="d">&#x20B9;2275.00</subfield>
    <subfield code="e">25%</subfield>
    <subfield code="f">21-02-2022</subfield>
  </datafield>
  <datafield tag="520" ind1=" " ind2=" ">
    <subfield code="a">The great mystery and beauty of spices is their use, blending and ability to change and enhance the character of food. Spices and condiments have a special significance in various ways in human life because of its specific flavours, taste, and aroma. To produce good quality spice products, attention is required not only during cultivation but also at the time of harvesting, processing and storing. Not as large as in the days when, next to gold, spices were considered most worth the risk of life and money. The trade is still extensive and the oriental demand is as large as ever. Some of the fundamentals of the book are definition of spices and condiments nomenclature or classification of spices and condiments, Indian central spices and cashew nut committee, origin, properties and uses of spices, forms, functions and applications of spices, trends in the world of spices, yield and nutrient uptake by some spice crops grown in sodic soil, tissue culture and in vitro conservation of spices, in vitro responses of piper species on activated charcoal supplemented media, soil agro climatic planning for sustainable spices production, potentials of biotechnology in the improvement of spice crops, medicinal applications of spices and herbs, medicinal properties and uses of seed spices, effect of soil solarization on chillies, spice oil and oleoresin from fresh dry spices etc. The present book contains cultivation, processing and uses of various spices and condiments, which are well known for their multiple uses in every house all over world. The book is an invaluable resource for new entrepreneurs, agriculturists, agriculture universities and technocrats.</subfield>
  </datafield>
  <datafield tag="650" ind1=" " ind2=" ">
    <subfield code="2">Agriculture</subfield>
    <subfield code="a">Spices and plantation</subfield>
    <subfield code="9">23107</subfield>
  </datafield>
  <datafield tag="942" ind1=" " ind2=" ">
    <subfield code="2">ddc</subfield>
    <subfield code="c">BK</subfield>
  </datafield>
  <datafield tag="999" ind1=" " ind2=" ">
    <subfield code="c">221763</subfield>
    <subfield code="d">221763</subfield>
  </datafield>
  <datafield tag="952" ind1=" " ind2=" ">
    <subfield code="0">0</subfield>
    <subfield code="1">0</subfield>
    <subfield code="2">ddc</subfield>
    <subfield code="4">0</subfield>
    <subfield code="7">0</subfield>
    <subfield code="8">FST</subfield>
    <subfield code="a">SACPG</subfield>
    <subfield code="b">SACPG</subfield>
    <subfield code="d">2022-03-04</subfield>
    <subfield code="e">Vidyarthi Books</subfield>
    <subfield code="g">1706.25</subfield>
    <subfield code="l">1</subfield>
    <subfield code="o">633.83 NIIC</subfield>
    <subfield code="p">PG023698</subfield>
    <subfield code="r">2025-09-29 11:45:23</subfield>
    <subfield code="s">2025-09-19</subfield>
    <subfield code="v">2275.00</subfield>
    <subfield code="w">2022-02-21</subfield>
    <subfield code="y">BK</subfield>
  </datafield>
</record>
